Tretí seminár Výpočtová štatistika Bratislava 11.-12.12.1990

Gespeichert in:
Bibliographische Detailangaben
Weitere Verfasser: Chajdiak, Jozef
Format: Buch
Sprache:Slowakisch
Veröffentlicht: Bratislava Slovenská štatistická a demografická spoločnosť 1990
Ausgabe:1. vyd.
Schlagworte:
Tags: Tag hinzufügen
Keine Tags, Fügen Sie das erste Tag hinzu!

MARC

LEADER 00000nam a2200000 4500
001 c002961
005 20240111123348.0
041 0 |a slo 
044 |a SK 
245 1 0 |a Tretí seminár Výpočtová štatistika  |b Bratislava 11.-12.12.1990  |c Hl. zost. Jozef Chajdiak 
250 |a 1. vyd. 
264 1 |a Bratislava  |b Slovenská štatistická a demografická spoločnosť  |c 1990 
300 |a 32 s. 
610 2 0 |a štatistika 
610 2 0 |a technika výpočtová 
610 2 0 |a systémy expertné 
610 2 0 |a systémy znalostné 
610 2 0 |a systémy štatistické 
610 2 0 |a SAS 
610 2 0 |a softvér 
610 2 0 |a rady časové 
610 2 0 |a počítače osobné 
610 2 0 |a programy počítačové 
610 2 0 |a analýza štatistická 
700 1 |a Chajdiak, Jozef